Central Library OPAC University of Rajshahi

তফসীরে মা'আরেফুল-কোরআন / (Record no. 56848)

MARC details
000 -LEADER
fixed length control field 01788nam a2200337 a 4500
001 - CONTROL NUMBER
control field 56848
003 - CONTROL NUMBER IDENTIFIER
rucl marc code BD-RjUL
005 - DATE AND TIME OF LATEST TRANSACTION
control field 20211209080436.0
008 - FIXED-LENGTH DATA ELEMENTS--GENERAL INFORMATION
fixed length control field 161204s1993 bg ||||| |||| 00| 0 ben d
020 ## - INTERNATIONAL STANDARD BOOK NUMBER
International Standard Book Number 9840601288 (V-2)
Terms of availability : TK 195.00 (V-2)
International Standard Book Number 9840601334 (V-3)
Terms of availability TK 195.00 (V-3)
035 ## - SYSTEM CONTROL NUMBER
System control number (BD-RjUL)56972
040 ## - CATALOGING SOURCE
Original cataloging agency BD-RjUL
Language of cataloging ben
Transcribing agency BD-RjUL
Modifying agency BD-RjUL
041 ## - LANGUAGE CODE
Language code of text/sound track or separate title ben/ara
082 ## - DEWEY DECIMAL CLASSIFICATION NUMBER
Edition number 23
Classification number 297.1227
Author mark and year SHT V-2-3 1993
100 1# - MAIN ENTRY--PERSONAL NAME
Personal name শফী, মুফতী মুহাম্মদ
9 (RLIN) 135826
245 10 - TITLE STATEMENT
Title তফসীরে মা'আরেফুল-কোরআন /
Statement of responsibility, etc. মূল: মুফতী মুহাম্মদ শফী ; অনুবাদ: মুহিউদ্দীন খান
250 ## - EDITION STATEMENT
Edition statement ৫ম সং.
260 ## - PUBLICATION, DISTRIBUTION, ETC. (IMPRINT)
Place of publication, distribution, etc. ঢাকা :
Name of publisher, distributor, etc. ইসলামিক ফাউন্ডেশন বাংলাদেশ ,
Date of publication, distribution, etc. ১৯৯৩
300 ## - PHYSICAL DESCRIPTION
Pagination খণ্ড ;
Size ২৪ সেমি.
490 ## - SERIES STATEMENT
Series statement ইফাবা প্রকাশনা ;
Volume/sequential designation ৬৮৬/৪ : (V-2)
Series statement ইফাবা প্রকাশনা ;
Volume/sequential designation ৬৮৭/৪ : (V-3)
500 ## - GENERAL NOTE
General note নির্ঘণ্ট সম্বলিত
505 1# - FORMATTED CONTENTS NOTE
Formatted contents note খণ্ড ২, সূরা আলে-ইমরান থেকে সূরা নিসা পর্যন্ত -- খণ্ড ৩, সূরা মায়িদা থেকে সূরা আ'রাফ --
650 ## - SUBJECT ADDED ENTRY--TOPICAL TERM
Topical term or geographic name as entry element কোরআন
General subdivision ব্যাখা
9 (RLIN) 235839
Topical term or geographic name as entry element Qur'an
General subdivision Commentaries
9 (RLIN) 235840
700 ## - ADDED ENTRY--PERSONAL NAME
Personal name খান, মুহিউদ্দীন, অনুবাদক
830 ## - SERIES ADDED ENTRY--UNIFORM TITLE
Uniform title ইফাবা প্রকাশনা ;
Volume number/sequential designation ৬৮৬/৪ : (V-2)
Uniform title ইফাবা প্রকাশনা ;
Volume number/sequential designation ৬৮৭/৪ : (V-3)
942 ## - ADDED ENTRY ELEMENTS (KOHA)
Source of classification or shelving scheme Dewey Decimal Classification
Koha item type Books
Holdings
Lost status Source of classification or shelving scheme Damaged status Not for loan Collection code Permanent Location Current Location Shelving location Date acquired Source of acquisition Cost, normal purchase price Total Checkouts Full call number Date last seen Copy number Koha item type
  Dewey Decimal Classification   Not For Loan Non-fiction Central Library, University of Rajshahi Central Library, University of Rajshahi Reading Room 14/03/1995 Islamiya library, kolikata. 195.00   B 297.1227 SHT V-3 1993 04/12/2016 C-1 Books
  Dewey Decimal Classification   Not For Loan Non-fiction Central Library, University of Rajshahi Central Library, University of Rajshahi Reading Room 14/03/1995 Islamiya library, kolikata. 195.00   B 297.1227 SHT V-2 1993 04/12/2016 C-1 Books
  Dewey Decimal Classification     Non-fiction Central Library, University of Rajshahi Central Library, University of Rajshahi   04/03/1996 Islamic Foundation, Dhaka 195.00   B 297.1227 SHT V-2 1993 01/04/2019 C-2 Books
  Dewey Decimal Classification     Non-fiction Central Library, University of Rajshahi Central Library, University of Rajshahi   04/03/1996 Islamic Foundation, Dhaka 195.00   B 297.1227 SHT V-2 1993 01/04/2019 C-3 Books
  Dewey Decimal Classification     Non-fiction Central Library, University of Rajshahi Central Library, University of Rajshahi   11/03/1995 Islamic Foundation Bangladesh, Dhaka 195.00   B 297.1227 SHT V-2 1993 02/12/2019 C-4 Books
  Dewey Decimal Classification     Non-fiction Central Library, University of Rajshahi Central Library, University of Rajshahi   11/03/1995 Islamic Foundation Bangladesh, Dhaka 195.00   B 297.1227 SHT V-3 1993 02/12/2019 C-2 Books